[Event "ESP-ch U18"]
[Site "Granada"]
[Date "2016.07.25"]
[Round "1"]
[White "Garcia Ramos, Daniel"]
[Black "Leonor Velasco, David"]
[Result "1-0"]
[WhiteElo "2195"]
[BlackElo "1782"]
[PlyCount "39"]
[EventDate "2016.07.25"]
[EventType "swiss"]
[EventRounds "9"]
[EventCountry "ESP"]
[SourceTitle "EXT 2024"]
[Source "ChessBase"]
[SourceDate "2023.10.10"]
[SourceVersion "1"]
[SourceVersionDate "2023.10.10"]
[SourceQuality "1"]

1. e4 c6 2. d4 d5 3. e5 Bf5 4. Nf3 e6 5. Be2 Ne7 6. 0-0 c5 7. dxc5 Nec6 8. Be3 Nd7 9. c4 dxc4 10. Bxc4 Nxc5 11. Nc3 Qxd1 12. Rfxd1 a6 13. Rac1 Nd7 14. Bb3 Ndxe5 15. Nxe5 Nxe5 16. Ba4+ b5 17. Nxb5 axb5 18. Bxb5+ Ke7 19. Bg5+ f6 20. Rc7+ 1-0

[Event "ESP-ch U18"]
[Site "Salobrena"]
[Date "2015.07.31"]
[Round "7"]
[White "Leonor Velasco, David"]
[Black "Garcia Martin, Guillermo"]
[Result "0-1"]
[WhiteElo "1659"]
[BlackElo "1791"]
[PlyCount "111"]
[EventDate "2015.07.27"]
[EventType "swiss"]
[EventRounds "9"]
[EventCountry "ESP"]
[SourceTitle "EXT 2016"]
[Source "ChessBase"]
[SourceDate "2015.10.08"]
[SourceVersion "1"]
[SourceVersionDate "2015.10.08"]
[SourceQuality "1"]

1. d4 Nf6 2. Nf3 e6 3. c4 d5 4. Nc3 Be7 5. Bg5 0-0 6. e3 Nbd7 7. Rc1 c6 8. cxd5 exd5 9. Bd3 Re8 10. 0-0 Nf8 11. Qc2 g6 12. h3 Ne6 13. Bh6 Ng7 14. Bxg7 Kxg7 15. a3 a5 16. Na4 Bd6 17. Rb1 Nd7 18. Rfc1 Qf6 19. b4 axb4 20. axb4 b5 21. Qxc6 Rxa4 22. Bxb5 Rxb4 23. Rxb4 Bxb4 24. Qxd5 Rd8 25. Rxc8 Rxc8 26. Qxd7 Rc1+ 27. Bf1 Qa6 28. Nh2 Bd6 29. g3 Qb6 30. Qg4 Qd8 31. Qf3 Qe7 32. Kg2 Rc2 33. Bd3 Rb2 34. Qe4 Qc7 35. Qf3 Bb4 36. Qe4 Be1 37. Ng4 h5 38. Qe5+ Qxe5 39. Nxe5 Rxf2+ 40. Kg1 Rb2 41. g4 hxg4 42. hxg4 Bf2+ 43. Kf1 Bxe3 44. d5 Bf4 45. Nc4 Rb8 46. Ke2 Rd8 47. Be4 Kf6 48. Kf3 Bc7 49. Nd2 Ke5 50. Ke3 Bb6+ 51. Kf3 Rc8 52. Ke2 Ba5 53. Bf3 Rc2 54. Ke3 Rxd2 55. g5 Rd4 56. Ke2 0-1